Región noroeste : Wichis /

Guardado en:
Autor Corporativo: Canal Encuentro.
Formato: Deslizar
Series:Geografias
Materias:
Etiquetas: Agregar Etiqueta
Sin Etiquetas, Sea el primero en etiquetar este registro!
LEADER 01121ngm a22003015g 4500
001 CEM.cems023076
008 130507b2005##################0###0#####d
005 20241209194040.0
245 1 0 |a Región noroeste :  |b Wichis /  |c Canal Encuentro. 
300 |a 15'. 
490 0 |a Geografias 
500 |a Consultar en ventanilla. 
505 0 |a Chaco salteño. Lucha de la comunidad Wichi por recuperar las tierras que ocuparon históricamente, para tener acceso a los recursos naturales y defender las tierras de la explotación agrícola y maderera, contra el desmonte. 
538 |a Soporte: DVD - Color: Si - Grabación DRD 2012 
590 |a Identificación SIABUC: DVD Nº 58 - Cargado nuevamente en 982/VAC - ELIMINAR 
110 2 |a Canal Encuentro. 
082 9 1 |/ YUN 
653 |a GEOGRAFIAS 
653 |a GEOGRAFIA 
653 |a GEOGRAFIA ARGENTINA 
653 |a NOROESTE 
653 |a NOROESTE ARGENTINO 
653 |a WICHIS 
653 |a PUEBLOS ORIGINARIOS 
653 |a INDIGENAS 
653 |a CHACO SALTEÑO 
653 |a REGIONES 
859 |a CEMS  |b BIB. CEMS - Depto. Recursos Didacticos  |h 918  |i YUN  |k DRD  |p 1719.12  |t Ej.1